Central Library OPAC University of Rajshahi

বাংলা নকশি কাঁথা / (Record no. 39540)

MARC details
000 -LEADER
fixed length control field 01111nam a2200265 a 4500
001 - CONTROL NUMBER
control field 39540
003 - CONTROL NUMBER IDENTIFIER
rucl marc code BD-RjUL
005 - DATE AND TIME OF LATEST TRANSACTION
control field 20211209053019.0
008 - FIXED-LENGTH DATA ELEMENTS--GENERAL INFORMATION
fixed length control field 160412r20122002ii a||| |||| 001 0 ben d
020 ## - INTERNATIONAL STANDARD BOOK NUMBER
International Standard Book Number 8177562266
Terms of availability : TK. 2200.00
035 ## - SYSTEM CONTROL NUMBER
System control number (BD-RjUL)39653
040 ## - CATALOGING SOURCE
Original cataloging agency BD-RjUL
Language of cataloging ben
Transcribing agency BD-RjUL
041 ## - LANGUAGE CODE
Language code of text/sound track or separate title ben
082 ## - DEWEY DECIMAL CLASSIFICATION NUMBER
Edition number 23
Classification number 745.0954
Author mark and year BAB 2012
100 ## - MAIN ENTRY--PERSONAL NAME
Personal name বসাক, শীলা
9 (RLIN) 116966
245 ## - TITLE STATEMENT
Title বাংলা নকশি কাঁথা /
Statement of responsibility, etc. শীলা বসাক
260 ## - PUBLICATION, DISTRIBUTION, ETC. (IMPRINT)
Place of publication, distribution, etc. করকাতা :
Name of publisher, distributor, etc. আনন্দ পাবলিশার্স প্রাইভেট লিমিটেড,
Date of publication, distribution, etc. ২০০২ [ ২য় মুদ্রণ ২০১২ ]
300 ## - PHYSICAL DESCRIPTION
Pagination [১৪], ২৫ পৃ. :
Illustrations চিত্র ;
Size ২৫ সেমি.
505 ## - FORMATTED CONTENTS NOTE
Formatted contents note নির্ঘন্ট সংযুক্ত
650 ## - SUBJECT ADDED ENTRY--TOPICAL TERM
Topical term or geographic name as entry element ফোক শিল্প
Geographic subdivision ভারত
-- পশ্চিম বঙ্গ
9 (RLIN) 121945
Topical term or geographic name as entry element কাঁথা
Geographic subdivision বাংলাদেশ
9 (RLIN) 121949
Topical term or geographic name as entry element Folk art
Geographic subdivision India
-- West Bengal
9 (RLIN) 121945
Topical term or geographic name as entry element Quilt
Geographic subdivision Bangladesh.
9 (RLIN) 121946
942 ## - ADDED ENTRY ELEMENTS (KOHA)
Source of classification or shelving scheme Dewey Decimal Classification
Koha item type Books
Holdings
Lost status Source of classification or shelving scheme Damaged status Not for loan Collection code Permanent Location Current Location Shelving location Date acquired Source of acquisition Cost, normal purchase price Total Checkouts Full call number Date last seen Copy number Koha item type
  Dewey Decimal Classification   Not For Loan Non-fiction Central Library, University of Rajshahi Central Library, University of Rajshahi Reading Room 28/06/2015 Batighor, Chittagong 2200.00   B 745.0954 BAB 2012 12/04/2016 C-1 Books